00514 a2200205 450000500170000001000140001702000250003103500130005603700130006908200100008210000180009224500380011026000400014827000380018830000230022665000170024965000240026665000150029070000030030520100810101119.0 aENG-99277 c75.00a9788190860123 aEN-82809 bDBAD/PUB a006.3 aS.Rathna Devi aFuzzy systems /cby S.Rathna Devi aMaduraibRadhai Publications c2009 a6, ShanthiNagar bMaduraie625018 a121 p.c20cm.(pbk) aFuzy systems asystems engineering aAutomation